[Event "YUG Team Cup-27"]
[Site "Pula"]
[Date "1984.05.16"]
[Round "3.1"]
[White "Tancev, Ljubomir"]
[Black "Abramovic, Bosko"]
[Result "1-0"]
[WhiteElo "2325"]
[BlackElo "2495"]
[PlyCount "77"]
[EventDate "1984.05.14"]
[EventType "team-swiss"]
[EventRounds "5"]
[EventCountry "YUG"]
[SourceTitle "EXT 2012"]
[Source "ChessBase"]
[SourceDate "2011.11.24"]
[SourceVersion "1"]
[SourceVersionDate "2011.11.24"]
[SourceQuality "1"]
[WhiteTeam "Skopje FCU"]
[BlackTeam "Belgrade Rakovica"]
[WhiteTeamCountry "YUG"]
[BlackTeamCountry "YUG"]

1. d4 Nf6 2. c4 e6 3. g3 Bb4+ 4. Nd2 d5 5. Bg2 0-0 6. Qc2 c5 7. dxc5 Bxc5 8. Ngf3 Qb6 9. 0-0 Ng4 10. e3 Nc6 11. cxd5 exd5 12. Nb3 Be7 13. Bd2 Be6 14. a3 Rac8 15. Bc3 Bf6 16. Bxf6 Nxf6 17. Qd3 Bf5 18. Qxf5 Qxb3 19. Rab1 Ne4 20. Rbd1 Qxb2 21. Rxd5 Nf6 22. Rb5 Qxa3 23. Rxb7 Qd6 24. Ng5 Ne7 25. Qf4 Qa3 26. Ne4 Ned5 27. Nxf6+ Nxf6 28. e4 Rc4 29. Re1 a5 30. Qd2 Qc5 31. h3 Ne8 32. e5 Nc7 33. Qd6 g6 34. Rd1 Ne6 35. Bd5 Rd4 36. Rxd4 Qxd6 37. exd6 Nxd4 38. Re7 Nf5 39. Rxf7 1-0

[Event "YUG Team Cup-27"]
[Site "Pula"]
[Date "1984.05.14"]
[Round "1.1"]
[White "Bajovic, Milan"]
[Black "Tancev, Ljubomir"]
[Result "1-0"]
[WhiteElo "2375"]
[BlackElo "2325"]
[PlyCount "153"]
[EventDate "1984.05.14"]
[EventType "team-swiss"]
[EventRounds "5"]
[EventCountry "YUG"]
[SourceTitle "EXT 2012"]
[Source "ChessBase"]
[SourceDate "2011.11.24"]
[SourceVersion "1"]
[SourceVersionDate "2011.11.24"]
[SourceQuality "1"]
[WhiteTeam "Niksic Celik"]
[BlackTeam "Skopje FCU"]
[WhiteTeamCountry "YUG"]
[BlackTeamCountry "YUG"]

1. e4 c5 2. c3 d5 3. exd5 Qxd5 4. d4 Nc6 5. dxc5 Qxc5 6. Be3 Qa5 7. Na3 Nf6 8. Be2 g6 9. Nc4 Qc7 10. a4 Bg7 11. Nf3 0-0 12. Qc1 Ng4 13. Bd2 Be6 14. Bf4 Qd7 15. 0-0 Bxc4 16. Bxc4 Rad8 17. h3 Nge5 18. Nxe5 Nxe5 19. Bb5 Qf5 20. Qe3 a6 21. Be2 Nc6 22. Bc7 Rd5 23. Bf3 Rd3 24. Qe4 Qd7 25. Bf4 Qf5 26. Qxf5 gxf5 27. Rfe1 e6 28. Rad1 Rfd8 29. Rxd3 Rxd3 30. Kf1 Kf8 31. Ke2 Rd7 32. Rd1 Ke8 33. Bh5 Rxd1 34. Kxd1 Ne5 35. Kc2 Ng6 36. Bd2 e5 37. Be2 Kd7 38. Bc4 f6 39. Bd5 Kc7 40. a5 Ne7 41. Bf7 f4 42. b4 Nc6 43. Bg8 h6 44. Kd3 Kd6 45. Bh7 Ne7 46. Be4 Kc7 47. Kc4 f5 48. Bd5 Bf6 49. Bf7 Bg5 50. f3 Bh4 51. Kd3 Bf2 52. Bc1 Bh4 53. Bd2 Kd7 54. c4 Nc6 55. Bd5 Kd6 56. Bg8 Ne7 57. Bf7 Nc6 58. c5+ Kc7 59. Bd5 Ne7 60. Kc4 Bf6 61. Bc3 Bg7 62. Be6 Kc6 63. Bf7 Bf6 64. Be8+ Kc7 65. b5 axb5+ 66. Bxb5 Bg7 67. a6 bxa6 68. Bxa6 Bf6 69. Ba5+ Kc6 70. Bb5+ Kb7 71. Bd7 e4 72. Bd8 Bg5 73. h4 Bxh4 74. c6+ Nxc6 75. Bxc6+ Kxc6 76. Bxh4 Kd6 77. Kd4 1-0

[Event "YUG Team Cup-26"]
[Site "Pula"]
[Date "1983.05.19"]
[Round "4.1"]
[White "Andrijevic, Milan"]
[Black "Tancev, Ljubomir"]
[Result "1/2-1/2"]
[WhiteElo "2340"]
[BlackElo "2310"]
[PlyCount "88"]
[EventDate "1983.05.16"]
[EventType "team-swiss"]
[EventRounds "5"]
[EventCountry "CRO"]
[SourceTitle "EXT 2016"]
[Source "ChessBase"]
[SourceDate "2015.10.08"]
[SourceVersion "1"]
[SourceVersionDate "2015.10.08"]
[SourceQuality "1"]
[WhiteTeam "Pancevo Ivan Kurjacki"]
[BlackTeam "Skopje FCU-55"]
[WhiteTeamCountry "YUG"]
[BlackTeamCountry "YUG"]

1. e4 c5 2. Nf3 Qc7 3. Nc3 e6 4. Be2 a6 5. 0-0 b5 6. d4 cxd4 7. Nxd4 Bb7 8. Bf3 d6 9. Re1 Nd7 10. Bh5 g6 11. Bg4 e5 12. Bxd7+ Qxd7 13. Nd5 Bxd5 14. exd5 Bg7 15. a4 bxa4 16. c4 Ne7 17. Bg5 Nf5 18. Nxf5 Qxf5 19. Qxa4+ Qd7 20. b4 Qxa4 21. Rxa4 Kd7 22. c5 Rhb8 23. g3 Rb5 24. Be3 e4 25. Rc1 Be5 26. Rc2 a5 27. Rca2 Bc3 28. Rxa5 Raxa5 29. Rxa5 Rxa5 30. c6+ Ke7 31. bxa5 Bxa5 32. Bd4 f5 33. h4 Kf7 34. g4 fxg4 35. Kg2 h5 36. Kg3 Ke8 37. Bf6 Bd2 38. Bd4 Ba5 39. Be3 Bd8 40. Bf4 Bc7 41. Bd2 Bb6 42. Bb4 Ke7 43. Be1 Bd4 44. Bd2 Be5+ 1/2-1/2